[Event "Campeonatos de Espana Universitarios 20"]
[Site "Universidad de Alicante, Spai"]
[Date "2019.04.09"]
[Round "3.7"]
[White "Bayo Milagro, Alvaro"]
[Black "Gutierrez Valero, Mario"]
[Result "1-0"]
[WhiteElo "2333"]
[BlackElo "2220"]
[PlyCount "53"]
[EventDate "2019.??.??"]

1. d4 {[%clk 00:40:08]  [%emt 00:00:07]} 1... Nf6 {
[%clk 00:39:27]  [%emt 00:00:38]} 2. c4 {[%clk 00:40:09]  [%emt 00:00:04]} 2...
g6 {[%clk 00:39:30]  [%emt 00:00:04]} 3. Nc3 {[%clk 00:40:13]} 3... Bg7 {
[%clk 00:39:34]  [%emt 00:00:03]} 4. e4 {[%clk 00:40:16]} 4... d6 {
[%clk 00:39:37]} 5. Nf3 {[%clk 00:40:19]  [%emt 00:00:08]} 5... O-O {
[%clk 00:39:40]} 6. Be2 {[%clk 00:40:22]} 6... e5 {
[%clk 00:39:43]  [%emt 00:00:03]} 7. d5 {[%clk 00:40:24]} 7... a5 {
[%clk 00:39:45]  [%emt 00:00:10]} 8. Bg5 {[%clk 00:40:27]} 8... h6 {
[%clk 00:39:47]  [%emt 00:00:04]} 9. Be3 {[%clk 00:40:31]} 9... Ng4 {
[%clk 00:38:22]  [%emt 00:01:24]} 10. Bd2 {[%clk 00:40:34]} 10... f5 {
[%clk 00:37:54]  [%emt 00:00:35]} 11. h3 {[%clk 00:40:35]  [%emt 00:00:26]}
11... Nf6 {[%clk 00:34:09]  [%emt 00:03:28]} 12. exf5 {[%emt 00:00:35]} 12...
gxf5 {[%clk 00:34:11]} 13. Qc1 {[%clk 00:40:40]} 13... f4 {
[%clk 00:33:45]  [%emt 00:00:12]} 14. g3 {[%clk 00:39:18]  [%emt 00:01:20]}
14... e4 {[%clk 00:33:48]  [%emt 00:00:09]} 15. Nh4 {[%clk 00:39:20]} 15... e3
{[%clk 00:33:51]} 16. fxe3 {[%clk 00:39:23]} 16... fxg3 {[%clk 00:33:54]} 17.
Ng6 {[%clk 00:39:27]  [%emt 00:00:16]} 17... Re8 {[%clk 00:33:57]} 18. O-O {
[%clk 00:39:16]  [%emt 00:00:12]} 18... Bxh3 {[%clk 00:31:29]  [%emt 00:02:25]}
19. Rf4 {[%clk 00:38:34]  [%emt 00:00:47]} 19... Na6 {
[%clk 00:30:08]  [%emt 00:01:26]} 20. Qe1 {[%clk 00:37:51]  [%emt 00:00:48]}
20... Qd7 {[%clk 00:23:25]  [%emt 00:06:59]} 21. Qxg3 {
[%clk 00:37:01]  [%emt 00:00:43]} 21... Bf5 {[%clk 00:23:13]  [%emt 00:00:43]}
22. Nh4 {[%clk 00:26:18]  [%emt 00:10:23]} 22... Ne4 {
[%clk 00:19:36]  [%emt 00:03:47]} 23. Nxe4 {[%clk 00:26:09]  [%emt 00:00:09]}
23... Bxe4 {[%clk 00:19:00]  [%emt 00:00:41]} 24. Bg4 {
[%clk 00:26:11]  [%emt 00:00:20]} 24... Qd8 {[%clk 00:17:31]  [%emt 00:01:21]}
25. Be6+ {[%clk 00:26:07]  [%emt 00:00:08]} 25... Rxe6 {
[%clk 00:17:23]  [%emt 00:00:10]} 26. dxe6 {[%clk 00:26:09]  [%emt 00:00:07]}
26... Bh7 {[%clk 00:14:07]  [%emt 00:03:16]} 27. Bc3 {[%emt 00:00:41]} 1-0

[Event "Campeonatos de Espana Universitarios 20"]
[Site "Universidad de Alicante, Spai"]
[Date "2019.04.10"]
[Round "4.1"]
[White "Balbuena Fuentes, Mario"]
[Black "Suarez Gomez, Julio"]
[Result "1/2-1/2"]
[WhiteElo "2262"]
[BlackElo "2449"]
[PlyCount "88"]
[EventDate "2019.??.??"]

1. Nf3 {[%clk 00:40:04]} 1... d5 {[%clk 00:40:04]  [%emt 00:00:04]} 2. b3 {
[%clk 00:40:06]  [%emt 00:00:03]} 2... Bg4 {[%clk 00:40:03]  [%emt 00:00:03]}
3. e3 {[%clk 00:40:05]  [%emt 00:00:06]} 3... Nd7 {
[%clk 00:39:33]  [%emt 00:00:33]} 4. Bb2 {[%clk 00:40:05]  [%emt 00:00:12]}
4... Ngf6 {[%clk 00:39:08]  [%emt 00:00:23]} 5. h3 {
[%clk 00:39:49]  [%emt 00:00:35]} 5... Bh5 {[%clk 00:38:30]  [%emt 00:00:29]}
6. d3 {[%clk 00:39:46]  [%emt 00:00:29]} 6... e6 {
[%clk 00:38:00]  [%emt 00:00:14]} 7. Nbd2 {[%clk 00:38:16]  [%emt 00:01:34]}
7... h6 {[%clk 00:37:30]  [%emt 00:00:55]} 8. Be2 {[%clk 00:38:11]} 8... c6 {
[%clk 00:34:58]  [%emt 00:02:30]} 9. O-O {[%clk 00:38:00]  [%emt 00:00:13]}
9... Bd6 {[%clk 00:34:10]  [%emt 00:01:00]} 10. e4 {
[%clk 00:36:31]  [%emt 00:01:33]} 10... Bc7 {[%clk 00:32:08]  [%emt 00:02:03]}
11. e5 {[%clk 00:34:19]  [%emt 00:02:18]} 11... Ng8 {
[%clk 00:31:57]  [%emt 00:00:16]} 12. Ne1 {[%clk 00:31:40]  [%emt 00:02:42]}
12... Bxe2 {[%clk 00:31:03]  [%emt 00:00:59]} 13. Qxe2 {
[%clk 00:31:43]  [%emt 00:00:03]} 13... Ne7 {[%clk 00:31:00]  [%emt 00:00:06]}
14. d4 {[%clk 00:29:38]  [%emt 00:02:09]} 14... h5 {
[%clk 00:26:26]  [%emt 00:04:42]} 15. Ndf3 {[%clk 00:23:03]  [%emt 00:06:37]}
15... Nf5 {[%clk 00:25:36]  [%emt 00:00:58]} 16. Bc1 {
[%clk 00:19:43]  [%emt 00:03:25]} 16... Qe7 {[%clk 00:25:25]  [%emt 00:00:21]}
17. Nd3 {[%clk 00:19:35]  [%emt 00:00:21]} 17... O-O-O {
[%clk 00:24:36]  [%emt 00:01:06]} 18. a4 {[%clk 00:19:16]  [%emt 00:00:04]}
18... Rdg8 {[%clk 00:24:12]  [%emt 00:00:22]} 19. Bg5 {
[%clk 00:17:14]  [%emt 00:02:07]} 19... Nxd4 {[%clk 00:22:32]  [%emt 00:01:45]}
20. Nxd4 {[%clk 00:16:27]  [%emt 00:00:51]} 20... Qxg5 {
[%clk 00:22:35]  [%emt 00:00:41]} 21. f4 {[%clk 00:16:24]} 21... Qe7 {
[%clk 00:22:06]  [%emt 00:00:06]} 22. a5 {[%clk 00:16:14]  [%emt 00:00:13]}
22... a6 {[%clk 00:18:30]  [%emt 00:03:42]} 23. Nf3 {
[%clk 00:12:56]  [%emt 00:03:25]} 23... Nc5 {[%clk 00:17:54]  [%emt 00:00:38]}
24. Qe3 {[%clk 00:12:31]  [%emt 00:00:30]} 24... Nxd3 {
[%clk 00:17:20]  [%emt 00:00:39]} 25. cxd3 {[%clk 00:12:19]  [%emt 00:00:21]}
25... Qb4 {[%clk 00:17:05]  [%emt 00:00:19]} 26. Nd4 {
[%clk 00:10:25]  [%emt 00:02:17]} 26... Bxa5 {[%clk 00:13:43]  [%emt 00:03:06]}
27. Ra4 {[%clk 00:10:17]  [%emt 00:00:16]} 27... Qd2 {
[%clk 00:13:13]  [%emt 00:00:32]} 28. Qf3 {[%clk 00:10:20]  [%emt 00:00:07]}
28... Bb6 {[%clk 00:13:05]  [%emt 00:00:09]} 29. Kh1 {
[%clk 00:10:23]  [%emt 00:00:33]} 29... Bxd4 {[%clk 00:12:55]  [%emt 00:00:04]}
30. Rxd4 {[%clk 00:10:26]} 30... g6 {[%clk 00:12:46]  [%emt 00:00:04]} 31. Ra4
{[%clk 00:10:03]  [%emt 00:00:18]} 31... Rd8 {[%clk 00:11:31]  [%emt 00:01:45]}
32. Rfa1 {[%clk 00:09:56]  [%emt 00:00:04]} 32... Kc7 {
[%clk 00:09:34]  [%emt 00:01:46]} 33. d4 {[%clk 00:09:15]  [%emt 00:00:48]}
33... Qc2 {[%clk 00:09:28]  [%emt 00:00:09]} 34. R4a2 {
[%clk 00:09:03]  [%emt 00:00:29]} 34... Qe4 {[%clk 00:09:16]  [%emt 00:00:09]}
35. Qc3 {[%clk 00:09:06]  [%emt 00:00:04]} 35... Rc8 {
[%clk 00:05:45]  [%emt 00:03:33]} 36. Qc5 {[%clk 00:08:48]  [%emt 00:00:23]}
36... Kd7 {[%clk 00:04:38]  [%emt 00:01:09]} 37. Rxa6 {
[%clk 00:07:24]  [%emt 00:02:03]} 37... Rhd8 {[%clk 00:02:37]  [%emt 00:01:33]}
38. Ra7 {[%clk 00:05:29]  [%emt 00:02:02]} 38... Rb8 {
[%clk 00:02:30]  [%emt 00:00:13]} 39. Qb6 {[%clk 00:04:48]  [%emt 00:01:16]}
39... Qxf4 {[%clk 00:02:26]} 40. Rxb7+ {[%clk 00:03:39]  [%emt 00:00:49]} 40...
Rxb7 {[%clk 00:02:30]  [%emt 00:00:22]} 41. Qxb7+ {[%clk 00:03:43]} 41... Ke8 {
[%clk 00:02:34]} 42. Ra7 {[%clk 00:01:37]  [%emt 00:01:52]} 42... Qf1+ {
[%clk 00:01:53]  [%emt 00:00:45]} 43. Kh2 {[%clk 00:01:41]  [%emt 00:00:31]}
43... Qf4+ {[%clk 00:01:56]} 44. Kh1 {[%clk 00:01:44]} 44... Qf1+ {
[%clk 00:01:59]} 1/2-1/2

[Event "Campeonatos de Espana Universitarios 20"]
[Site "Universidad de Alicante, Spai"]
[Date "2019.04.10"]
[Round "4.2"]
[White "Motos Abellan, Daniel"]
[Black "Alshameary Puente, Ismael"]
[Result "1-0"]
[WhiteElo "2100"]
[BlackElo "2425"]
[PlyCount "143"]
[EventDate "2019.??.??"]

1. e4 {[%clk 00:40:07]  [%emt 00:00:10]} 1... c5 {
[%clk 00:39:50]  [%emt 00:00:36]} 2. c4 {[%clk 00:40:10]  [%emt 00:00:03]} 2...
Nc6 {[%clk 00:39:45]  [%emt 00:00:11]} 3. Nc3 {[%clk 00:40:13]} 3... g6 {
[%clk 00:39:43]  [%emt 00:00:06]} 4. g3 {[%clk 00:40:16]  [%emt 00:00:03]} 4...
Bg7 {[%clk 00:39:46]} 5. Bg2 {[%clk 00:40:19]  [%emt 00:00:03]} 5... d6 {
[%clk 00:39:43]  [%emt 00:00:15]} 6. Nge2 {[%clk 00:40:23]} 6... Nh6 {
[%clk 00:36:57]  [%emt 00:02:43]} 7. d3 {[%clk 00:40:19]  [%emt 00:00:13]} 7...
O-O {[%clk 00:36:47]  [%emt 00:00:10]} 8. O-O {[%clk 00:40:21]  [%emt 00:00:14]
} 8... e5 {[%clk 00:35:56]  [%emt 00:00:45]} 9. Rb1 {
[%clk 00:40:15]  [%emt 00:00:13]} 9... f5 {[%clk 00:34:43]  [%emt 00:01:17]}
10. h3 {[%clk 00:39:17]  [%emt 00:01:03]} 10... Bd7 {
[%clk 00:33:55]  [%emt 00:00:53]} 11. f4 {[%clk 00:39:19]  [%emt 00:00:11]}
11... Qc8 {[%clk 00:31:30]  [%emt 00:02:20]} 12. Kh2 {
[%clk 00:39:23]  [%emt 00:00:09]} 12... a6 {[%clk 00:30:13]  [%emt 00:01:15]}
13. Nd5 {[%clk 00:39:16]  [%emt 00:00:12]} 13... Qd8 {
[%clk 00:30:14]  [%emt 00:00:07]} 14. Be3 {[%clk 00:38:54]  [%emt 00:00:26]}
14... Nd4 {[%clk 00:29:37]  [%emt 00:00:39]} 15. fxe5 {
[%clk 00:38:07]  [%emt 00:00:52]} 15... dxe5 {[%clk 00:29:08]  [%emt 00:00:37]}
16. b4 {[%clk 00:37:28]  [%emt 00:00:51]} 16... cxb4 {
[%clk 00:22:20]  [%emt 00:06:45]} 17. Rxb4 {[%clk 00:35:52]  [%emt 00:01:43]}
17... Bc6 {[%clk 00:22:24]  [%emt 00:00:03]} 18. Nb6 {
[%clk 00:34:57]  [%emt 00:00:55]} 18... Qe7 {[%clk 00:20:10]  [%emt 00:02:19]}
19. Bd2 {[%clk 00:31:16]  [%emt 00:03:45]} 19... Rad8 {
[%clk 00:18:17]  [%emt 00:01:59]} 20. Nd5 {[%clk 00:30:26]  [%emt 00:00:52]}
20... Qd6 {[%clk 00:17:35]  [%emt 00:00:47]} 21. Nxd4 {
[%clk 00:29:50]  [%emt 00:00:42]} 21... exd4 {[%clk 00:17:38]  [%emt 00:00:34]}
22. Bf4 {[%clk 00:29:15]  [%emt 00:00:08]} 22... Qc5 {
[%clk 00:16:50]  [%emt 00:00:53]} 23. Qd2 {[%clk 00:27:53]  [%emt 00:01:27]}
23... fxe4 {[%clk 00:14:34]  [%emt 00:02:21]} 24. Bxe4 {
[%clk 00:27:01]  [%emt 00:00:58]} 24... Nf5 {[%clk 00:10:48]  [%emt 00:03:48]}
25. Rbb1 {[%clk 00:24:06]  [%emt 00:03:24]} 25... Ne3 {
[%clk 00:09:42]  [%emt 00:00:48]} 26. Nxe3 {[%clk 00:22:14]  [%emt 00:01:58]}
26... Bxe4 {[%clk 00:09:45]  [%emt 00:00:21]} 27. Ng4 {
[%clk 00:20:55]  [%emt 00:01:04]} 27... Bc6 {[%clk 00:08:46]  [%emt 00:01:04]}
28. Bh6 {[%clk 00:20:44]  [%emt 00:00:16]} 28... Qh5 {
[%clk 00:04:25]  [%emt 00:04:27]} 29. Bxg7 {[%clk 00:20:18]  [%emt 00:00:30]}
29... Kxg7 {[%clk 00:04:28]  [%emt 00:00:10]} 30. Rbe1 {
[%clk 00:19:50]  [%emt 00:00:24]} 30... Rxf1 {[%clk 00:03:46]  [%emt 00:00:47]}
31. Rxf1 {[%clk 00:19:45]  [%emt 00:00:30]} 31... Bd7 {
[%clk 00:02:40]  [%emt 00:00:54]} 32. Qf4 {[%clk 00:19:32]  [%emt 00:00:14]}
32... Bxg4 {[%clk 00:02:38]  [%emt 00:00:15]} 33. Qf6+ {
[%clk 00:15:16]  [%emt 00:04:14]} 33... Kh6 {[%clk 00:02:40]  [%emt 00:00:16]}
34. Qf4+ {[%clk 00:14:58]  [%emt 00:00:12]} 34... Qg5 {
[%clk 00:01:40]  [%emt 00:01:03]} 35. hxg4 {[%clk 00:14:43]  [%emt 00:00:19]}
35... Re8 {[%clk 00:01:28]  [%emt 00:00:37]} 36. Kg2 {
[%clk 00:14:04]  [%emt 00:00:28]} 36... Re2+ {[%clk 00:01:18]  [%emt 00:00:25]}
37. Rf2 {[%clk 00:14:08]} 37... Qxf4 {[%clk 00:01:13]  [%emt 00:00:03]} 38.
gxf4 {[%clk 00:14:08]  [%emt 00:00:04]} 38... Re3 {
[%clk 00:01:16]  [%emt 00:00:03]} 39. Rf3 {[%clk 00:14:10]  [%emt 00:00:04]}
39... Re2+ {[%clk 00:01:20]} 40. Rf2 {[%clk 00:13:59]  [%emt 00:00:19]} 40...
Re3 {[%clk 00:01:23]} 41. Rf3 {[%clk 00:12:38]  [%emt 00:01:22]} 41... Re7 {
[%clk 00:00:37]  [%emt 00:00:49]} 42. Rf2 {[%clk 00:11:59]  [%emt 00:00:44]}
42... b5 {[%clk 00:00:17]  [%emt 00:00:36]} 43. cxb5 {
[%clk 00:11:48]  [%emt 00:00:09]} 43... axb5 {[%clk 00:00:21]} 44. Rb2 {
[%clk 00:11:52]  [%emt 00:00:08]} 44... Re3 {[%clk 00:00:25]} 45. Rxb5 {
[%clk 00:11:48]  [%emt 00:00:15]} 45... Rxd3 {[%clk 00:00:29]} 46. a4 {
[%clk 00:11:46]} 46... Ra3 {[%clk 00:00:28]  [%emt 00:00:03]} 47. Rb4 {
[%clk 00:11:31]  [%emt 00:00:19]} 47... Ra2+ {[%clk 00:00:25]  [%emt 00:00:07]}
48. Kf3 {[%clk 00:11:27]  [%emt 00:00:05]} 48... d3 {
[%clk 00:00:25]  [%emt 00:00:33]} 49. Rd4 {[%clk 00:11:29]} 49... d2 {
[%clk 00:00:23]  [%emt 00:00:03]} 50. a5 {[%clk 00:10:41]  [%emt 00:00:34]}
50... Ra3+ {[%clk 00:00:16]  [%emt 00:00:13]} 51. Ke2 {
[%clk 00:10:29]  [%emt 00:00:18]} 51... Ra2 {[%clk 00:00:13]  [%emt 00:00:12]}
52. Rxd2 {[%clk 00:10:25]  [%emt 00:00:06]} 52... Rxa5 {
[%clk 00:00:16]  [%emt 00:00:09]} 53. Rd7 {[%clk 00:09:25]  [%emt 00:00:56]}
53... Ra3 {[%clk 00:00:14]  [%emt 00:00:32]} 54. g5+ {
[%clk 00:08:51]  [%emt 00:00:15]} 54... Kh5 {[%clk 00:00:18]} 55. Rxh7+ {
[%clk 00:08:54]  [%emt 00:00:10]} 55... Kg4 {[%clk 00:00:22]} 56. Rf7 {
[%clk 00:08:42]  [%emt 00:00:17]} 56... Ra2+ {[%clk 00:00:13]  [%emt 00:00:09]}
57. Ke3 {[%clk 00:08:45]  [%emt 00:00:03]} 57... Ra4 {
[%clk 00:00:10]  [%emt 00:00:06]} 58. Rf6 {[%clk 00:08:48]  [%emt 00:00:14]}
58... Kh5 {[%clk 00:00:13]} 59. Kf3 {[%clk 00:08:44]  [%emt 00:00:03]} 59...
Rb4 {[%clk 00:00:17]} 60. Rf8 {[%clk 00:08:45]  [%emt 00:00:02]} 60... Rb3+ {
[%clk 00:00:20]  [%emt 00:00:03]} 61. Ke4 {[%clk 00:08:48]} 61... Rb4+ {
[%clk 00:00:23]  [%emt 00:00:08]} 62. Ke5 {[%clk 00:08:45]  [%emt 00:00:08]}
62... Rb5+ {[%clk 00:00:26]  [%emt 00:00:08]} 63. Ke6 {
[%clk 00:08:33]  [%emt 00:00:07]} 63... Kg4 {[%clk 00:00:08]  [%emt 00:00:20]}
64. Rf6 {[%clk 00:08:32]  [%emt 00:00:34]} 64... Kh5 {
[%clk 00:00:07]  [%emt 00:00:03]} 65. Kf7 {[%clk 00:08:31]} 65... Rb7+ {
[%clk 00:00:09]} 66. Kg8 {[%clk 00:08:35]} 66... Rc7 {[%clk 00:00:12]} 67. Rf7
{[%clk 00:08:28]  [%emt 00:00:04]} 67... Rc8+ {[%clk 00:00:13]  [%emt 00:00:04]
} 68. Kg7 {[%clk 00:08:32]} 68... Rc4 {[%clk 00:00:17]  [%emt 00:00:03]} 69.
Kh7 {[%clk 00:06:30]  [%emt 00:02:01]} 69... Rd4 {
[%clk 00:00:10]  [%emt 00:00:13]} 70. f5 {[%clk 00:06:16]  [%emt 00:00:35]}
70... Kxg5 71. fxg6 {[%emt 00:00:05]} 71... Rh4+ 72. Kg7 1-0

[Event "Campeonatos de Espana Universitarios 20"]
[Site "Universidad de Alicante, Spai"]
[Date "2019.04.10"]
[Round "4.3"]
[White "Suarez Uriel, Adrian"]
[Black "Bayo Milagro, Alvaro"]
[Result "1/2-1/2"]
[WhiteElo "2397"]
[BlackElo "2333"]
[PlyCount "122"]
[EventDate "2019.??.??"]

1. e4 {[%clk 00:40:08]  [%emt 00:00:03]} 1... e5 {
[%clk 00:40:03]  [%emt 00:00:07]} 2. Nf3 {[%clk 00:40:04]  [%emt 00:00:07]}
2... Nc6 {[%clk 00:39:58]  [%emt 00:00:31]} 3. Bc4 {
[%clk 00:40:06]  [%emt 00:00:03]} 3... Nf6 {[%clk 00:39:57]} 4. d3 {
[%clk 00:39:58]  [%emt 00:00:11]} 4... Bc5 {[%clk 00:39:54]  [%emt 00:00:11]}
5. O-O {[%clk 00:39:59]  [%emt 00:00:07]} 5... O-O {
[%clk 00:39:49]  [%emt 00:00:06]} 6. h3 {[%clk 00:40:02]  [%emt 00:00:11]} 6...
d6 {[%clk 00:39:46]  [%emt 00:00:03]} 7. c3 {[%clk 00:40:05]} 7... a5 {
[%clk 00:39:47]  [%emt 00:00:03]} 8. Nbd2 {[%clk 00:39:57]  [%emt 00:00:12]}
8... Be6 {[%clk 00:39:45]  [%emt 00:00:10]} 9. Re1 {
[%clk 00:39:48]  [%emt 00:00:09]} 9... Qb8 {[%clk 00:39:39]  [%emt 00:00:30]}
10. Bxe6 {[%clk 00:39:42]} 10... fxe6 {[%clk 00:39:30]  [%emt 00:00:09]} 11.
Nf1 {[%clk 00:39:42]  [%emt 00:00:19]} 11... Qa7 {
[%clk 00:32:07]  [%emt 00:07:20]} 12. Be3 {[%clk 00:39:34]  [%emt 00:00:07]}
12... Rae8 {[%clk 00:29:01]  [%emt 00:03:10]} 13. Bxc5 {
[%clk 00:38:13]  [%emt 00:01:27]} 13... Qxc5 {[%clk 00:29:00]  [%emt 00:00:11]}
14. Ng3 {[%clk 00:38:13]} 14... d5 {[%clk 00:23:45]  [%emt 00:05:17]} 15. d4 {
[%clk 00:36:21]  [%emt 00:01:58]} 15... exd4 {[%clk 00:23:18]  [%emt 00:00:29]}
16. cxd4 {[%clk 00:36:11]  [%emt 00:00:36]} 16... Qb5 {
[%clk 00:23:04]  [%emt 00:00:09]} 17. e5 {[%clk 00:35:36]  [%emt 00:00:29]}
17... Nd7 {[%clk 00:23:01]  [%emt 00:00:19]} 18. Qd2 {
[%clk 00:35:09]  [%emt 00:00:22]} 18... Nb4 {[%clk 00:21:50]  [%emt 00:01:22]}
19. Rec1 {[%clk 00:31:59]  [%emt 00:03:17]} 19... c5 {
[%clk 00:20:27]  [%emt 00:01:19]} 20. Rc3 {[%clk 00:29:27]  [%emt 00:02:40]}
20... Nc6 {[%clk 00:18:37]  [%emt 00:01:52]} 21. Re1 {
[%clk 00:28:01]  [%emt 00:01:31]} 21... cxd4 {[%clk 00:17:56]  [%emt 00:00:45]}
22. Rb3 {[%clk 00:28:03]  [%emt 00:00:37]} 22... Qa6 {
[%clk 00:16:24]  [%emt 00:01:06]} 23. Nxd4 {[%clk 00:25:35]  [%emt 00:02:56]}
23... Ndxe5 {[%clk 00:16:18]  [%emt 00:00:04]} 24. Nh5 {
[%clk 00:22:44]  [%emt 00:02:38]} 24... Rf7 {[%clk 00:13:46]  [%emt 00:02:39]}
25. Rg3 {[%clk 00:21:51]  [%emt 00:00:58]} 25... Qc4 {
[%clk 00:13:49]  [%emt 00:00:04]} 26. Nxc6 {[%clk 00:21:29]  [%emt 00:00:22]}
26... Nxc6 {[%clk 00:13:52]  [%emt 00:00:27]} 27. Rg4 {
[%clk 00:20:51]  [%emt 00:00:17]} 27... Qc5 {[%clk 00:13:56]  [%emt 00:00:06]}
28. Nf4 {[%clk 00:19:46]  [%emt 00:01:39]} 28... Rfe7 {
[%clk 00:12:58]  [%emt 00:00:31]} 29. Nh5 {[%clk 00:19:38]  [%emt 00:00:22]}
29... Rf7 {[%clk 00:12:44]  [%emt 00:00:13]} 30. Nf4 {
[%clk 00:18:21]  [%emt 00:01:19]} 30... Rfe7 {[%clk 00:12:47]  [%emt 00:00:33]}
31. Nh5 {[%clk 00:18:25]} 31... Rf8 {[%clk 00:11:24]  [%emt 00:00:56]} 32. Nf4
{[%clk 00:18:13]  [%emt 00:00:18]} 32... Qd6 {[%clk 00:11:28]  [%emt 00:00:41]}
33. Nh5 {[%clk 00:17:04]  [%emt 00:00:34]} 33... Rf5 {
[%clk 00:10:52]  [%emt 00:00:42]} 34. Qh6 {[%clk 00:16:39]  [%emt 00:00:39]}
34... g6 {[%clk 00:10:14]  [%emt 00:00:33]} 35. Nf4 {
[%clk 00:11:23]  [%emt 00:05:21]} 35... Ne5 {[%clk 00:09:42]  [%emt 00:00:44]}
36. Rc1 {[%clk 00:11:27]} 36... Rc7 {[%clk 00:07:41]  [%emt 00:02:07]} 37. Rxc7
{[%clk 00:11:13]  [%emt 00:00:13]} 37... Qxc7 {[%clk 00:07:44]  [%emt 00:00:11]
} 38. Nxe6 {[%clk 00:10:55]  [%emt 00:00:13]} 38... Qd7 {
[%clk 00:07:34]  [%emt 00:00:34]} 39. Rh4 {[%clk 00:10:37]  [%emt 00:00:07]}
39... Qxe6 {[%clk 00:06:59]  [%emt 00:00:39]} 40. Qxh7+ {
[%clk 00:10:41]  [%emt 00:00:28]} 40... Kf8 {[%clk 00:07:03]} 41. Qxb7 {
[%clk 00:09:44]  [%emt 00:00:37]} 41... Nf7 {[%clk 00:07:06]  [%emt 00:00:04]}
42. Qa8+ {[%clk 00:09:41]  [%emt 00:00:05]} 42... Kg7 {
[%clk 00:06:04]  [%emt 00:01:14]} 43. Qxa5 {[%clk 00:09:44]} 43... Re5 {
[%clk 00:05:40]  [%emt 00:00:22]} 44. Qc3 {[%clk 00:09:24]  [%emt 00:00:28]}
44... Kg8 {[%clk 00:05:03]  [%emt 00:00:38]} 45. Ra4 {
[%clk 00:09:10]  [%emt 00:00:20]} 45... Re1+ {[%clk 00:04:22]  [%emt 00:00:46]}
46. Kh2 {[%clk 00:09:14]} 46... Qe5+ {[%clk 00:02:49]  [%emt 00:01:38]} 47.
Qxe5 {[%clk 00:09:18]  [%emt 00:00:39]} 47... Rxe5 {
[%clk 00:02:36]  [%emt 00:00:08]} 48. Kg3 {[%clk 00:09:22]} 48... Nd6 {
[%clk 00:02:24]} 49. Ra7 {[%clk 00:09:14]  [%emt 00:00:06]} 49... Ne4+ {
[%clk 00:02:19]  [%emt 00:00:32]} 50. Kf3 {[%clk 00:09:07]  [%emt 00:00:03]}
50... Rf5+ {[%clk 00:01:32]  [%emt 00:00:37]} 51. Ke3 {[%clk 00:09:11]} 51...
Rxf2 {[%clk 00:01:35]  [%emt 00:00:10]} 52. b4 {[%clk 00:09:16]} 52... Rxg2 {
[%clk 00:01:05]  [%emt 00:00:27]} 53. b5 {[%clk 00:09:20]  [%emt 00:00:14]}
53... Nd6 {[%clk 00:00:33]  [%emt 00:00:24]} 54. a4 {
[%clk 00:09:18]  [%emt 00:00:27]} 54... Rb2 {[%clk 00:00:17]  [%emt 00:00:18]}
55. Rd7 {[%clk 00:08:45]  [%emt 00:00:21]} 55... Nxb5 {
[%clk 00:00:14]  [%emt 00:00:24]} 56. axb5 {[%clk 00:08:44]} 56... Rxb5 {
[%clk 00:00:18]} 57. Kf4 {[%clk 00:08:36]  [%emt 00:00:07]} 57... Rb3 {
[%clk 00:00:09]  [%emt 00:00:35]} 58. h4 {[%clk 00:08:31]  [%emt 00:00:04]}
58... Rd3 {[%clk 00:00:09]} 59. Kg5 {[%clk 00:08:32]} 59... Rg3+ {
[%clk 00:00:09]  [%emt 00:00:11]} 60. Kf6 {[%clk 00:08:36]} 60... Rg4 {
[%clk 00:00:07]  [%emt 00:00:30]} 61. Rxd5 {[%clk 00:08:34]} 61... Rxh4 {
[%clk 00:00:08]} 1/2-1/2